The World's 50 Largest Cities by Letter - M - Statistics

General Stats
  • This quiz has been taken 1,694 times
  • The average score is 34 of 50
Answers on the Map
Answers color-coded by a green-red scale on the quiz's map according to % correct below.
 
Answer Stats
# Population Country Urban Area % Correct
5 6,989,714 Spain Madrid
99%
3 21,804,515 Mexico Mexico City
99%
4 17,217,606 Russia Moscow
99%
17 3,374,693 United Kingdom Manchester
98%
1 27,327,889 Philippines Manila
98%
8 5,301,987 Italy Milan
98%
6 6,250,227 United States Miami
97%
2 23,435,141 India Mumbai
97%
9 5,177,021 Australia Melbourne
96%
11 4,502,177 Canada Montréal
96%
27 2,173,105 Belarus Minsk
95%
20 2,618,482 Germany Munich
95%
47 1,322,989 France Marseille
92%
15 3,429,367 United States Minneapolis
91%
36 1,694,111 Uruguay Montevideo
91%
24 2,385,509 Saudi Arabia Mecca
90%
14 3,561,292 Somalia Mogadishu
90%
13 3,953,600 Colombia Medellín
86%
7 5,341,177 Mexico Monterrey
85%
46 1,389,591 Oman Muscat
85%
42 1,457,561 Nicaragua Managua
82%
31 1,790,626 Liberia Monrovia
82%
19 3,082,158 Mozambique Maputo
81%
37 1,668,191 United States Milwaukee
80%
26 2,285,685 Brazil Manaus
79%
49 1,276,843 United States Memphis
79%
41 1,468,663 Bahrain Manama
77%
38 1,603,193 Saudi Arabia Medina
76%
45 1,394,744 Kenya Mombasa
74%
22 2,490,945 China (SAR) Macau - Zhuhai
67%
32 1,755,988 Germany Mannheim
67%
25 2,371,000 Venezuela Maracaibo
67%
12 4,420,850 Iran Mashhad
60%
29 2,075,589 Myanmar Mandalay
59%
33 1,732,646 Iraq Mosul
59%
10 4,863,759 Indonesia Medan
57%
48 1,316,088 Mexico Mérida
51%
50 1,242,332 Argentina Mendoza
49%
21 2,525,394 Indonesia Makassar
39%
18 3,367,582 D.R. Congo Mbuji-Mayi
39%
16 3,375,206 Pakistan Multan
34%
40 1,537,000 Venezuela Maracay
29%
28 2,152,499 India Madurai
23%
44 1,410,175 India Mysore
21%
23 2,400,442 India Meerut
18%
43 1,450,528 India Mangaluru
14%
35 1,718,293 India Moradabad
13%
34 1,719,793 India Malappuram
7%
39 1,576,267 Pakistan Mardan
5%
30 1,848,292 India Muzaffarpur
5%
No matching quizzes found
Score Distribution
Percent of People with Each Score
Percentile by Number Answered
Your Score History
You have not taken this quiz